000 00619nam a2200181Ia 4500
008 100920s9999 xx 000 0 und d
082 _b63006
_a61 थ 80
100 _aक्षेत्रमाडे सुमति.
245 _aसिंधुदुर्ग.
260 _bकल्पतरू प्रकाशन ,आलिबाग.
_c1980
300 _a156
_bसाधी
365 _b15
520 _aस्थानिक वाचन.
630 _aसिंधुदुर्ग.
650 _aस्थानिक वाचन.
730 _aसिंधुदुर्ग.
942 _cBOOK
999 _c706092
_d706089